[Event "Minsk op"]
[Site "Minsk"]
[Date "2023.11.06"]
[Round "4"]
[White "Smirnov, Valerij"]
[Black "Hakobyan, Menua"]
[Result "0-1"]
[WhiteElo "2255"]
[BlackElo "1971"]
[PlyCount "60"]
[EventDate "2023.11.03"]
[EventType "swiss"]
[EventRounds "9"]
[EventCountry "BLR"]
[SourceTitle "CB46_2023"]
[SourceDate "2023.11.15"]
[SourceVersion "1"]
[SourceVersionDate "2023.11.15"]
[SourceQuality "1"]

1. Nf3 d5 2. b3 c5 3. e3 Nf6 4. Bb2 e6 5. d4 Nbd7 6. Bd3 b6 7. 0-0 Bd6 8. c4 0-0 9. Nc3 Bb7 10. Qe2 a6 11. Rfd1 Re8 12. Rac1 cxd4 13. Nxd4 dxc4 14. Bxc4 Ne5 15. Bd3 Nxd3 16. Rxd3 b5 17. Qd1 b4 18. Na4 Ne4 19. Nf3 Bd5 20. h3 Qa5 21. Nd2 Nxd2 22. Rxd2 f5 23. Bd4 Rab8 24. Bc5 Be5 25. f4 Bc3 26. Rxd5 exd5 27. Qxd5+ Kh8 28. Nxc3 bxc3 29. a4 Rec8 30. b4 Rxb4 0-1

[Event "Minsk op"]
[Site "Minsk"]
[Date "2023.11.05"]
[Round "3"]
[White "Tkachou, Viktar"]
[Black "Smirnov, Valerij"]
[Result "0-1"]
[WhiteElo "1605"]
[BlackElo "2255"]
[PlyCount "82"]
[EventDate "2023.11.03"]
[EventType "swiss"]
[EventRounds "9"]
[EventCountry "BLR"]
[SourceTitle "CB46_2023"]
[SourceDate "2023.11.15"]
[SourceVersion "1"]
[SourceVersionDate "2023.11.15"]
[SourceQuality "1"]

1. Nf3 c5 2. b3 Nc6 3. Bb2 d6 4. e3 e5 5. d4 cxd4 6. exd4 e4 7. Nfd2 f5 8. d5 Ne5 9. Nc4 Nxc4 10. Bxc4 Nf6 11. Bb5+ Bd7 12. Bxd7+ Nxd7 13. 0-0 Ne5 14. Nc3 Be7 15. Ne2 0-0 16. Nd4 Rf7 17. Ne6 Qd7 18. Bxe5 dxe5 19. c4 b6 20. a4 a5 21. Qe2 Rf6 22. Qe3 Rxe6 23. dxe6 Qxe6 24. Rad1 Bc5 25. Qg5 Bd4 26. Rfe1 Rf8 27. Qd2 Qe7 28. Kh1 Qh4 29. Re2 h6 30. Rf1 Rf6 31. f3 Rd6 32. Qc2 exf3 33. Rxf3 g6 34. Rh3 Qg5 35. Rg3 Qf6 36. Rh3 h5 37. Qc1 Kg7 38. Rg3 e4 39. Rg5 Bb2 40. Rxg6+ Kxg6 41. Rxb2 Qxb2 0-1

[Event "Minsk op"]
[Site "Minsk"]
[Date "2022.08.05"]
[Round "3"]
[White "Zeliantsova, Kseniya"]
[Black "Smirnov, Valerij"]
[Result "0-1"]
[WhiteElo "1964"]
[BlackElo "2265"]
[PlyCount "112"]
[EventDate "2022.08.03"]
[EventType "swiss"]
[EventRounds "9"]
[EventCountry "BLR"]
[SourceTitle "CBM 209 Extra"]
[Source "ChessBase"]
[SourceDate "2022.09.30"]
[SourceVersion "1"]
[SourceVersionDate "2022.09.30"]
[SourceQuality "1"]

1. e4 c5 2. Nf3 d6 3. Bb5+ Bd7 4. Bxd7+ Qxd7 5. c4 Nc6 6. 0-0 g6 7. d4 Bg7 8. d5 Nd4 9. Nc3 Nxf3+ 10. Qxf3 Nf6 11. h3 0-0 12. Re1 Qc7 13. Bg5 Nd7 14. Qe2 Rfe8 15. Rad1 a6 16. Bh4 Rab8 17. f4 Qa5 18. Rc1 b5 19. cxb5 axb5 20. Bg3 b4 21. Nd1 Qxa2 22. Qf3 e6 23. dxe6 Qxe6 24. Rc2 Ra8 25. Rd2 Bd4+ 26. Bf2 Bxf2+ 27. Nxf2 Ra6 28. Qg3 c4 29. Ng4 Nf6 30. f5 Qe7 31. fxg6 fxg6 32. Nh6+ Kh8 33. e5 dxe5 34. Rxe5 Re6 35. Rde2 Rxe5 36. Rxe5 Qa7+ 37. Kh2 Qc7 38. Rxe8+ Nxe8 39. Qxc7 Nxc7 40. Nf7+ Kg7 41. Ne5 c3 42. bxc3 bxc3 43. Kg3 Kf6 44. Nd3 c2 45. Kf3 Nd5 46. Ke4 Nb4 47. Nc1 Kg5 48. g3 Kf6 49. Kd4 Kf5 50. Kc4 Nc6 51. Kd5 Ne5 52. Kd4 Nf3+ 53. Ke3 Ng1 54. h4 Kg4 55. Kf2 Nf3 56. Nd3 Nd4 0-1

[Event "Minsk op"]
[Site "Minsk"]
[Date "2022.08.04"]
[Round "2"]
[White "Smirnov, Valerij"]
[Black "Tsesler, Yakau"]
[Result "1-0"]
[WhiteElo "2265"]
[BlackElo "1866"]
[PlyCount "91"]
[EventDate "2022.08.03"]
[EventType "swiss"]
[EventRounds "9"]
[EventCountry "BLR"]
[SourceTitle "CBM 209 Extra"]
[Source "ChessBase"]
[SourceDate "2022.09.30"]
[SourceVersion "1"]
[SourceVersionDate "2022.09.30"]
[SourceQuality "1"]

1. d4 d5 2. Nf3 Nf6 3. Nbd2 Bf5 4. Nh4 Bc8 5. c3 e6 6. Nhf3 c5 7. e3 Nc6 8. Bd3 Qc7 9. 0-0 Bd7 10. Re1 Rd8 11. a3 a5 12. e4 cxd4 13. cxd4 dxe4 14. Nxe4 Be7 15. Bg5 Nxe4 16. Rxe4 Bxg5 17. Nxg5 Ne7 18. Qf3 f6 19. Nxe6 Bxe6 20. Rxe6 0-0 21. Rae1 Nc8 22. Qh5 g6 23. Qh4 Kg7 24. Qe4 Qd7 25. Bf1 Rf7 26. Re8 Rf8 27. Rxd8 Rxd8 28. g3 b6 29. Ba6 Nd6 30. Qe7+ Qxe7 31. Rxe7+ Kh8 32. Bd3 f5 33. Kf1 Kg8 34. Ke2 Re8 35. Re5 Kf7 36. f4 Nb7 37. Bc4+ Kf8 38. Kd3 Rd8 39. d5 Nc5+ 40. Kd4 Nb7 41. Re6 Nd6 42. Bd3 Rd7 43. a4 Rd8 44. Bb5 Kf7 45. Ke5 Nc8 46. d6 1-0

[Event "Minsk Bronstein Memorial op"]
[Site "Minsk"]
[Date "2020.02.23"]
[Round "8"]
[White "Smirnov, Valerij"]
[Black "Kazakouski, Valery"]
[Result "1-0"]
[WhiteElo "2261"]
[BlackElo "2460"]
[PlyCount "103"]
[EventDate "2020.02.22"]
[EventType "swiss (rapid)"]
[EventRounds "10"]
[EventCountry "BLR"]
[SourceTitle "CBM 195 Extra"]
[Source "ChessBase"]
[SourceDate "2020.05.31"]
[SourceVersion "1"]
[SourceVersionDate "2020.05.31"]
[SourceQuality "1"]

1. d4 Nf6 2. c4 e6 3. Nf3 Bb4+ 4. Nbd2 d6 5. a3 Bxd2+ 6. Bxd2 Nbd7 7. Bg5 h6 8. Bh4 Qe7 9. e3 e5 10. Be2 a5 11. b4 0-0 12. 0-0 Re8 13. dxe5 dxe5 14. Qb3 Nf8 15. Bg3 Ng6 16. Nh4 Nf8 17. Nf3 Ng6 18. Nh4 Nxh4 19. Bxh4 g5 20. Bg3 Ne4 21. Rad1 axb4 22. axb4 f5 23. f3 Nxg3 24. hxg3 Be6 25. Qc3 Qg7 26. c5 Rad8 27. Bc4 Qf7 28. Bxe6 Qxe6 29. Qc2 Kg7 30. Rd2 Rxd2 31. Qxd2 Re7 32. Rd1 Qb3 33. Kh2 Qf7 34. Qd8 Re8 35. Qd7 h5 36. b5 Kf6 37. g4 hxg4 38. fxg4 Qxd7 39. Rxd7 f4 40. Rxc7 fxe3 41. Kg3 e4 42. Rxb7 Rf8 43. Ra7 Ke5 44. Ra1 Kd4 45. c6 e2 46. c7 Kc5 47. Re1 Kxb5 48. Rxe2 Rc8 49. Rc2 Kb6 50. Kf2 Kb7 51. Ke3 Re8 52. c8Q+ 1-0

[Event "Minsk Kupreichik Memorial rapid"]
[Site "Minsk"]
[Date "2019.08.17"]
[Round "10"]
[White "Smirnov, Valerij"]
[Black "Barskij, Vladimir"]
[Result "1/2-1/2"]
[WhiteElo "2261"]
[BlackElo "2389"]
[PlyCount "32"]
[EventDate "2019.08.15"]
[EventType "swiss (rapid)"]
[EventRounds "10"]
[EventCountry "BLR"]
[SourceTitle "CBM 191 Extra"]
[Source "ChessBase"]
[SourceDate "2019.09.30"]
[SourceVersion "1"]
[SourceVersionDate "2019.09.30"]
[SourceQuality "1"]

1. d4 d5 2. Nf3 Nc6 3. g3 Bf5 4. Bg2 Nb4 5. Na3 e6 6. c3 Na6 7. Nc2 c6 8. 0-0 Be7 9. Ne5 Nf6 10. Ne3 Bg6 11. Nxg6 hxg6 12. c4 0-0 13. b3 Nc7 14. Bb2 a5 15. a4 Na6 16. Nc2 Nb4 1/2-1/2

[Event "Minsk Kupreichik Memorial rapid"]
[Site "Minsk"]
[Date "2019.08.17"]
[Round "8"]
[White "Smirnov, Valerij"]
[Black "Pakhomov, Alexey"]
[Result "0-1"]
[WhiteElo "2261"]
[BlackElo "2315"]
[PlyCount "81"]
[EventDate "2019.08.15"]
[EventType "swiss (rapid)"]
[EventRounds "10"]
[EventCountry "BLR"]
[SourceTitle "CBM 191 Extra"]
[Source "ChessBase"]
[SourceDate "2019.09.30"]
[SourceVersion "1"]
[SourceVersionDate "2019.09.30"]
[SourceQuality "1"]

1. d4 Nf6 2. c4 e6 3. Nf3 Bb4+ 4. Nc3 c5 5. g3 Ne4 6. Qd3 cxd4 7. Nxd4 Nxc3 8. bxc3 Be7 9. Nb5 0-0 10. Bg2 Nc6 11. 0-0 a6 12. Nd6 Ne5 13. Qd4 Bxd6 14. Qxd6 Nxc4 15. Qd4 Qc7 16. Rd1 d6 17. Rb1 e5 18. Qd3 Rb8 19. Bd5 Be6 20. a4 b5 21. axb5 axb5 22. e4 Rfc8 23. Kg2 h6 24. f4 Bxd5 25. Qxd5 Qc5 26. Qxc5 Rxc5 27. Rd3 Kf8 28. Be3 Nxe3+ 29. Rxe3 Rbc8 30. Rb3 Ke7 31. Kf3 f6 32. Rd3 R8c7 33. f5 Rd7 34. Rd5 Rxd5 35. exd5 Rc7 36. Rxb5 Rxc3+ 37. Kg4 Rc2 38. h4 Rc7 39. Rb6 Rc5 40. Kh5 e4 41. Rb7+ 0-1

[Event "Minsk Kupreichik Memorial rapid"]
[Site "Minsk"]
[Date "2019.08.17"]
[Round "9"]
[White "Spizharny, Mikhail"]
[Black "Smirnov, Valerij"]
[Result "0-1"]
[WhiteElo "2079"]
[BlackElo "2261"]
[PlyCount "112"]
[EventDate "2019.08.15"]
[EventType "swiss (rapid)"]
[EventRounds "10"]
[EventCountry "BLR"]
[SourceTitle "CBM 191 Extra"]
[Source "ChessBase"]
[SourceDate "2019.09.30"]
[SourceVersion "1"]
[SourceVersionDate "2019.09.30"]
[SourceQuality "1"]

1. e4 c5 2. Nf3 a6 3. g3 Nc6 4. Bg2 g6 5. 0-0 Bg7 6. Re1 d6 7. c3 Nf6 8. d4 0-0 9. h3 Nd7 10. a4 Rb8 11. Na3 b5 12. d5 Na5 13. Nc2 Nb3 14. Ra3 Nxc1 15. Qxc1 b4 16. cxb4 cxb4 17. Rb3 Nc5 18. Rxb4 Nd3 19. Qd2 Nxb4 20. Nxb4 Bd7 21. Nxa6 Rxb2 22. Qe3 Qa5 23. Qa7 Bxa4 24. Bf1 Rb3 25. Re3 Rxe3 26. Qxe3 Ra8 27. Qd3 Bd7 28. Qc4 Rc8 29. Qb3 Qc3 30. Qb7 Qxf3 31. Qxd7 Rc2 32. Qd8+ Bf8 33. Qb6 Qxe4 34. Qb3 h5 35. Nb4 Rc1 36. Nd3 Ra1 37. Qc3 Bg7 38. Qc8+ Kh7 39. Nf4 Qe1 40. Qc4 Be5 41. Ng2 Qb1 42. Ne3 Qb6 43. Kg2 Qd4 44. Qc7 Bf6 45. Be2 Ra2 46. Kf3 Bg5 47. Bc4 Qf6+ 48. Ke4 Qe5+ 49. Kf3 Qf6+ 50. Ke4 Rxf2 51. Qa7 Qe5+ 52. Kd3 Rf3 53. Kc2 Rxe3 54. h4 Qc3+ 55. Kb1 Re1+ 56. Ka2 Ra1# 0-1

[Event "Minsk Kupreichik Memorial rapid"]
[Site "Minsk"]
[Date "2019.08.16"]
[Round "5"]
[White "Naumovich, Yaroslav"]
[Black "Smirnov, Valerij"]
[Result "0-1"]
[WhiteElo "1868"]
[BlackElo "2261"]
[PlyCount "112"]
[EventDate "2019.08.15"]
[EventType "swiss (rapid)"]
[EventRounds "10"]
[EventCountry "BLR"]
[SourceTitle "CBM 191 Extra"]
[Source "ChessBase"]
[SourceDate "2019.09.30"]
[SourceVersion "1"]
[SourceVersionDate "2019.09.30"]
[SourceQuality "1"]

1. Nf3 c5 2. e3 g6 3. d4 Bg7 4. c4 Nf6 5. Nc3 0-0 6. Be2 cxd4 7. exd4 d5 8. 0-0 Nc6 9. h3 dxc4 10. Bxc4 Na5 11. Bd3 Be6 12. Re1 Bc4 13. Bxc4 Nxc4 14. Qe2 Qc8 15. Bg5 e6 16. Rac1 Nb6 17. Ne5 Qe8 18. Bxf6 Bxf6 19. Ne4 Be7 20. Rc7 Rb8 21. Rec1 Nd5 22. R7c4 f6 23. Nd3 Qf7 24. Nec5 Bxc5 25. Rxc5 Rfe8 26. Qf3 Rbd8 27. Nf4 Nxf4 28. Qxf4 Rd7 29. Rc8 Rxc8 30. Rxc8+ Kg7 31. h4 Qe7 32. h5 g5 33. Qe4 Qd6 34. g4 a6 35. a3 Kh6 36. Rc3 Qf4 37. Qxe6 Rxd4 38. Rg3 Rd1+ 39. Kg2 Rd4 40. Qe7 Qe4+ 41. Qxe4 Rxe4 42. b4 b5 43. Kh3 Rf4 44. Kg2 f5 45. f3 Rc4 46. gxf5 Rf4 47. Kf2 Rxf5 48. Ke3 Kxh5 49. Ke4 Rf4+ 50. Ke5 Kh4 51. Rg1 Rxf3 52. Kd5 h5 53. Kc5 Rxa3 54. Rh1+ Kg4 55. Rg1+ Kf5 56. Rf1+ Kg6 0-1

[Event "Minsk Kupreichik Memorial"]
[Site "Minsk"]
[Date "2018.06.21"]
[Round "4"]
[White "Kovalev, Andrei"]
[Black "Smirnov, Valerij"]
[Result "1-0"]
[WhiteElo "2518"]
[BlackElo "2261"]
[PlyCount "55"]
[EventDate "2018.06.21"]
[EventType "tourn (rapid)"]
[EventRounds "13"]
[EventCountry "BLR"]
[EventCategory "7"]
[SourceTitle "CBM 185 Extra"]
[Source "ChessBase"]
[SourceDate "2018.07.29"]
[SourceVersion "1"]
[SourceVersionDate "2018.07.29"]
[SourceQuality "1"]

1. e4 c5 2. Nf3 Nc6 3. Nc3 d6 4. d4 cxd4 5. Nxd4 Nf6 6. Bg5 Bd7 7. Qd2 Rc8 8. Nxc6 Bxc6 9. f3 e6 10. 0-0-0 a6 11. Kb1 Be7 12. h4 b5 13. Ne2 Bb7 14. Nd4 0-0 15. g4 Nd7 16. Bxe7 Qxe7 17. Qg5 Rfe8 18. Qxe7 Rxe7 19. Be2 d5 20. exd5 Bxd5 21. Rhe1 Nb6 22. b3 Rec7 23. Bd3 Nd7 24. Kb2 e5 25. Nf5 Bxf3 26. Ne7+ Kf8 27. Nxc8 Bxg4 28. Be2 1-0

[Event "BLR-chT"]
[Site "Minsk"]
[Date "2017.05.09"]
[Round "2.2"]
[White "Kazakouski, Valery"]
[Black "Smirnov, Valerij"]
[Result "1-0"]
[WhiteElo "2443"]
[BlackElo "2297"]
[PlyCount "101"]
[EventDate "2017.05.08"]
[EventType "team-swiss"]
[EventRounds "7"]
[EventCountry "BLR"]
[SourceTitle "CBM 178 Extra"]
[Source "ChessBase"]
[SourceDate "2017.06.22"]
[SourceVersion "1"]
[SourceVersionDate "2017.06.22"]
[SourceQuality "1"]
[WhiteTeam "Vector"]
[BlackTeam "Belaya Tower"]
[WhiteTeamCountry "BLR"]
[BlackTeamCountry "BLR"]

1. d4 Nf6 2. Nf3 e6 3. c4 b6 4. g3 Ba6 5. Qb3 Nc6 6. Nbd2 Na5 7. Qc3 c5 8. dxc5 bxc5 9. e4 d6 10. a3 Nc6 11. b4 Bb7 12. b5 Nd4 13. Nxd4 cxd4 14. Qxd4 g6 15. Bg2 Bg7 16. Rb1 0-0 17. Qd3 Rc8 18. 0-0 d5 19. exd5 exd5 20. Bb2 Rc7 21. Be5 Re7 22. Bxf6 Bxf6 23. cxd5 Rd7 24. Nc4 Bxd5 25. Bxd5 Rxd5 26. Qf3 Rd3 27. Qb7 Qd4 28. Ne3 Rd8 29. Rbd1 Qa4 30. Rxd3 Rxd3 31. Qa8+ Rd8 32. Qc6 Bb2 33. Nc4 Bxa3 34. Qc7 Rd1 35. Qc6 Rxf1+ 36. Kxf1 Bf8 37. Qd5 Qb3 38. Kg2 h5 39. h3 Bg7 40. Qa8+ Kh7 41. Qd5 Kg8 42. g4 hxg4 43. hxg4 Bf6 44. Qa8+ Kg7 45. Nd6 Be5 46. Ne8+ Kh6 47. Qxa7 Qd5+ 48. f3 Qxb5 49. Qe3+ g5 50. f4 gxf4 51. Qh3+ 1-0

[Event "BLR-ch 1st stage"]
[Site "Minsk"]
[Date "2016.12.06"]
[Round "4"]
[White "Golubev, Vladimir"]
[Black "Smirnov, Valerij"]
[Result "0-1"]
[WhiteElo "2059"]
[BlackElo "2285"]
[PlyCount "71"]
[EventDate "2016.12.03"]
[EventType "swiss"]
[EventRounds "9"]
[EventCountry "BLR"]
[SourceTitle "CBM 176 Extra"]
[Source "ChessBase"]
[SourceDate "2017.03.02"]
[SourceVersion "1"]
[SourceVersionDate "2017.03.02"]
[SourceQuality "1"]

1. Nf3 c5 2. g3 g6 3. Bg2 Bg7 4. 0-0 Nc6 5. c4 e6 6. Nc3 Nge7 7. d3 0-0 8. Bg5 h6 9. Bd2 d5 10. cxd5 exd5 11. Rb1 b6 12. a3 a5 13. Na4 Bd7 14. Qb3 Ra6 15. Nc3 a4 16. Qd1 Na7 17. h3 d4 18. Na2 Be6 19. Nc1 Nac6 20. Kh2 Qd7 21. e4 dxe3 22. fxe3 Nf5 23. Qe1 Raa8 24. Bc3 Rae8 25. Qf2 Qd6 26. Bxg7 Kxg7 27. e4 Nfd4 28. Ne2 Nxe2 29. Qxe2 Rd8 30. Rbd1 Ne5 31. Nxe5 Qxe5 32. Rd2 Rd7 33. Rf2 Rfd8 34. Qe3 b5 35. Bf1 b4 36. Rc2 0-1

[Event "EU-ch rapid"]
[Site "Minsk"]
[Date "2015.12.20"]
[Round "9"]
[White "Smirnov, Valerij"]
[Black "Sivuk, Vitaly"]
[Result "0-1"]
[WhiteElo "2298"]
[BlackElo "2552"]
[PlyCount "96"]
[EventDate "2015.12.19"]
[EventType "swiss (rapid)"]
[EventRounds "11"]
[EventCountry "BLR"]
[SourceTitle "EXT 2017"]
[Source "ChessBase"]
[SourceDate "2016.10.25"]
[SourceVersion "1"]
[SourceVersionDate "2016.10.25"]
[SourceQuality "1"]

1. d4 Nf6 2. c4 e6 3. Nf3 b6 4. Nc3 Bb4 5. Bg5 Bb7 6. Qc2 h6 7. Bh4 g5 8. Bg3 Ne4 9. Nd2 Bxc3 10. bxc3 Nxg3 11. fxg3 d6 12. e4 Nd7 13. Be2 Qe7 14. 0-0 0-0-0 15. a4 a5 16. Rab1 h5 17. h3 Rdf8 18. Kh2 h4 19. g4 f5 20. exf5 exf5 21. Rbe1 fxg4 22. Bxg4 Qg7 23. Rxf8+ Rxf8 24. Nf3 Kb8 25. Qd2 Nf6 26. Qxg5 Qxg5 27. Nxg5 Nxg4+ 28. hxg4 Rg8 29. Nf3 Rxg4 30. Re8+ Ka7 31. Re7 Kb8 32. Re8+ Bc8 33. Rh8 Kb7 34. Nxh4 Bd7 35. Rh7 Bxa4 36. Nf5 Bc2 37. Rf7 Bxf5 38. Rxf5 Re4 39. Rb5 c5 40. dxc5 dxc5 41. Rb3 Rxc4 42. Kh3 a4 43. Ra3 b5 44. g4 Kb6 45. g5 Re4 46. c4 Rxc4 47. g6 Re4 48. Rf3 Re8 0-1

[Event "Minsk op"]
[Site "Minsk"]
[Date "2015.07.22"]
[Round "8"]
[White "Ziaziulkina, Nastassia"]
[Black "Smirnov, Valerij"]
[Result "1/2-1/2"]
[WhiteElo "2408"]
[BlackElo "2296"]
[PlyCount "101"]
[EventDate "2015.07.15"]
[EventType "swiss"]
[EventRounds "9"]
[EventCountry "BLR"]
[SourceTitle "CBM 167 Extra"]
[Source "ChessBase"]
[SourceDate "2015.09.14"]
[SourceVersion "1"]
[SourceVersionDate "2015.09.14"]
[SourceQuality "1"]

1. e4 c5 2. Nf3 e6 3. d4 cxd4 4. Nxd4 Nc6 5. Nc3 Qc7 6. Be3 a6 7. Qd2 Nf6 8. f4 b5 9. e5 Ng4 10. Nxc6 Qxc6 11. Be2 Nxe3 12. Qxe3 Bb7 13. Bf3 Qc7 14. Bxb7 Qxb7 15. 0-0-0 Be7 16. Qd3 Rd8 17. Ne4 0-0 18. Rhe1 f5 19. exf6 Bxf6 20. Nxf6+ Rxf6 21. g3 d5 22. Re5 Qc6 23. Rde1 Rd6 24. Qe3 Qb6 25. Qe2 g6 26. h4 Qd4 27. Kb1 Qc4 28. Qd2 h5 29. R5e3 b4 30. Rd3 a5 31. Rd4 Qc5 32. Rc1 Rb6 33. Qd3 Kg7 34. c4 bxc3 35. Rxc3 Qb5 36. Qxb5 Rxb5 37. Rd2 Rf7 38. Rc6 Kf6 39. Re2 Re7 40. Re5 Kf7 41. Kc2 a4 42. Re3 Kf6 43. Re5 Kf7 44. Re2 Kf6 45. Kc3 Kf5 46. Re5+ Kf6 47. Kc2 Kf7 48. Re3 Reb7 49. b3 axb3+ 50. axb3 Re7 51. Re5 1/2-1/2

[Event "Minsk Bronstein Memorial op"]
[Site "Minsk"]
[Date "2015.02.14"]
[Round "6"]
[White "Smirnov, Valerij"]
[Black "Gordeenja, Valerij"]
[Result "1-0"]
[WhiteElo "2354"]
[BlackElo "1922"]
[PlyCount "89"]
[EventDate "2015.02.14"]
[EventType "swiss (rapid)"]
[EventRounds "10"]
[EventCountry "BLR"]
[SourceTitle "EXT 2017"]
[Source "ChessBase"]
[SourceDate "2016.10.25"]
[SourceVersion "1"]
[SourceVersionDate "2016.10.25"]
[SourceQuality "1"]

1. d4 Nf6 2. c4 g6 3. Nc3 Bg7 4. e4 d6 5. Be2 0-0 6. Bg5 Nbd7 7. Nf3 c5 8. 0-0 cxd4 9. Nxd4 Nc5 10. f3 Bd7 11. Qd2 Rc8 12. Rfd1 Ne6 13. Nxe6 Bxe6 14. b3 Nd7 15. Rac1 Bf6 16. Be3 a6 17. Nd5 Bxd5 18. cxd5 a5 19. Rxc8 Qxc8 20. Qxa5 Qa8 21. Qxa8 Rxa8 22. a4 Nc5 23. Rb1 Bc3 24. Bb5 Kg7 25. Kf1 f5 26. exf5 gxf5 27. Rc1 Bb4 28. Bd4+ Kf7 29. Bc4 Rc8 30. Rc2 b6 31. g3 Rc7 32. Kg2 Kg6 33. g4 Ra7 34. Re2 Rc7 35. Rc2 Ra7 36. h4 fxg4 37. fxg4 Ra8 38. Re2 Kf7 39. g5 Rg8 40. Kf3 Rg6 41. Kg4 Rg8 42. Kh5 Nd7 43. Bd3 Bc5 44. Bc3 Kf8 45. Bxh7 1-0

[Event "BLR-ch 80th"]
[Site "Minsk"]
[Date "2014.01.13"]
[Round "7"]
[White "Smirnov, Valerij"]
[Black "Ziaziulkina, Nastassia"]
[Result "0-1"]
[WhiteElo "2327"]
[BlackElo "2386"]
[PlyCount "116"]
[EventDate "2014.01.07"]
[EventType "tourn"]
[EventRounds "13"]
[EventCountry "BLR"]
[EventCategory "9"]
[SourceTitle "CBM 158 Extra"]
[Source "ChessBase"]
[SourceDate "2014.02.28"]
[SourceVersion "1"]
[SourceVersionDate "2014.02.28"]
[SourceQuality "1"]

1. d4 d5 2. Nf3 Nf6 3. c4 c6 4. e3 Bf5 5. Nc3 e6 6. Nh4 Bg6 7. Be2 Nbd7 8. 0-0 Ne4 9. g3 Bd6 10. Nxg6 hxg6 11. Nxe4 dxe4 12. Qc2 Nf6 13. b4 Qd7 14. c5 e5 15. f4 exf3 16. Bxf3 Bc7 17. b5 0-0 18. bxc6 bxc6 19. Qg2 Nd5 20. Bd2 exd4 21. exd4 Bd8 22. Bxd5 cxd5 23. Rac1 Qc6 24. Bf4 Bf6 25. Be5 Bxe5 26. dxe5 Rae8 27. Rfe1 Re6 28. Qb2 Rfe8 29. Qc3 Qc7 30. Qd4 Rxe5 31. Rxe5 Qxe5 32. Qxe5 Rxe5 33. c6 Re8 34. Rc5 Rc8 35. Rxd5 Rxc6 36. Ra5 a6 37. h4 Rf6 38. Kg2 Kf8 39. g4 Ke7 40. Kg3 Kd7 41. g5 Rc6 42. Kh3 Kc7 43. Ra3 Rd6 44. Rf3 Rd7 45. Rb3 Kc6 46. Rb8 Rd3+ 47. Kg4 Rd4+ 48. Kg3 Kd5 49. Rb7 Ke6 50. Rb6+ Rd6 51. Rb3 Rc6 52. Rb7 Rc3+ 53. Kg4 Ra3 54. Rb6+ Ke5 55. Rb7 f5+ 56. gxf6 gxf6 57. Rg7 Ra4+ 58. Kg3 Kf5 0-1

[Event "Minsk op"]
[Site "Minsk"]
[Date "2013.07.21"]
[Round "9"]
[White "Bazeev, German"]
[Black "Smirnov, Valerij"]
[Result "0-1"]
[WhiteElo "2322"]
[BlackElo "2332"]
[PlyCount "78"]
[EventDate "2013.07.13"]
[EventType "swiss"]
[EventRounds "9"]
[EventCountry "BLR"]
[SourceTitle "CBM 155 Extra"]
[Source "ChessBase"]
[SourceDate "2013.08.26"]
[SourceVersion "1"]
[SourceVersionDate "2013.08.26"]
[SourceQuality "1"]

1. d4 Nf6 2. Nf3 e6 3. c4 b6 4. g3 Ba6 5. b3 Bb4+ 6. Bd2 Be7 7. Bg2 d5 8. cxd5 exd5 9. 0-0 0-0 10. Nc3 Qc8 11. Re1 Rd8 12. Qc2 Bb7 13. Ng5 h6 14. Bh3 Nbd7 15. Nf3 c5 16. Rac1 Qc6 17. Bg2 Qe6 18. Nb5 Ne8 19. dxc5 bxc5 20. Ba5 Rdc8 21. e4 Qa6 22. exd5 Bf8 23. Qd2 Qxb5 24. Bf1 c4 25. bxc4 Qa4 26. Re4 Nef6 27. Rh4 Nc5 28. Re1 Re8 29. Ne5 Nce4 30. Rhxe4 Nxe4 31. Rxe4 f6 32. f4 fxe5 33. fxe5 Bc5+ 34. Kg2 Rf8 35. Be2 Rf2+ 36. Kh3 Raf8 37. e6 R8f5 38. Bd8 Rxd5 39. Qb2 Rh5+ 0-1

[Event "Minsk op"]
[Site "Minsk"]
[Date "2013.07.18"]
[Round "6"]
[White "Zhigalko, Andrey"]
[Black "Smirnov, Valerij"]
[Result "1-0"]
[WhiteElo "2604"]
[BlackElo "2332"]
[PlyCount "47"]
[EventDate "2013.07.13"]
[EventType "swiss"]
[EventRounds "9"]
[EventCountry "BLR"]
[SourceTitle "CBM 155 Extra"]
[Source "ChessBase"]
[SourceDate "2013.08.26"]
[SourceVersion "1"]
[SourceVersionDate "2013.08.26"]
[SourceQuality "1"]

1. e4 c5 2. Nf3 d6 3. d4 cxd4 4. Nxd4 Nf6 5. Nc3 Nc6 6. Bg5 e6 7. Qd2 a6 8. 0-0-0 Bd7 9. f3 b5 10. Nxc6 Bxc6 11. Kb1 Qc7 12. Ne2 Bb7 13. h4 d5 14. Nf4 dxe4 15. Bxf6 gxf6 16. Nh5 Rd8 17. Bxb5+ Ke7 18. Qb4+ Rd6 19. Rxd6 Qxd6 20. Rd1 Bd5 21. Qc3 Qe5 22. Qc5+ Kd8 23. Qb6+ Qc7 24. Qxa6 1-0

[Event "BLR-ch"]
[Site "Minsk"]
[Date "2011.01.23"]
[Round "12"]
[White "Podolchenko, Evgeniy"]
[Black "Smirnov, Valerij"]
[Result "1-0"]
[WhiteElo "2516"]
[BlackElo "2356"]
[PlyCount "85"]
[EventDate "2011.01.12"]
[EventType "tourn"]
[EventRounds "13"]
[EventCountry "BLR"]
[EventCategory "9"]
[SourceTitle "CBM 140 Extra"]
[Source "ChessBase"]
[SourceDate "2011.03.01"]
[SourceVersion "1"]
[SourceVersionDate "2011.03.01"]
[SourceQuality "1"]

1. d4 Nf6 2. c4 e6 3. Nc3 Bb4 4. Qc2 d5 5. cxd5 exd5 6. Bg5 Qd6 7. e3 Ne4 8. Bf4 Qg6 9. Qb3 Bxc3+ 10. bxc3 0-0 11. Bxc7 Qc6 12. Bf4 Qxc3+ 13. Qxc3 Nxc3 14. f3 Nc6 15. Kd2 Na4 16. g4 Na5 17. Bd3 Bd7 18. Rb1 Rfc8 19. Ne2 a6 20. Rhc1 b5 21. Bc7 Nc4+ 22. Bxc4 bxc4 23. Bf4 Bb5 24. Nc3 Nxc3 25. Kxc3 f6 26. h4 Ra7 27. g5 Kf7 28. Rb2 Ke6 29. Rg1 Rca8 30. h5 Rf8 31. a4 Bxa4 32. Rb6+ Kf7 33. gxf6 gxf6 34. Bh6 Rg8 35. Rxg8 Kxg8 36. Rxf6 Ra8 37. e4 dxe4 38. fxe4 Bd1 39. e5 Bxh5 40. e6 a5 41. d5 a4 42. d6 a3 43. e7 1-0

[Event "BLR-ch"]
[Site "Minsk"]
[Date "2011.01.22"]
[Round "11"]
[White "Smirnov, Valerij"]
[Black "Zhigalko, Sergei"]
[Result "0-1"]
[WhiteElo "2356"]
[BlackElo "2671"]
[PlyCount "62"]
[EventDate "2011.01.12"]
[EventType "tourn"]
[EventRounds "13"]
[EventCountry "BLR"]
[EventCategory "9"]
[SourceTitle "CBM 140 Extra"]
[Source "ChessBase"]
[SourceDate "2011.03.01"]
[SourceVersion "1"]
[SourceVersionDate "2011.03.01"]
[SourceQuality "1"]

1. d4 Nf6 2. c4 e6 3. Nf3 b6 4. Nc3 Bb7 5. Bg5 h6 6. Bh4 Be7 7. e3 0-0 8. Be2 d6 9. 0-0 Nbd7 10. Qc2 c5 11. Rfd1 a6 12. Bg3 Rc8 13. d5 exd5 14. Nxd5 Nxd5 15. cxd5 Nf6 16. Nh4 Re8 17. e4 Nxe4 18. Qxe4 Bxh4 19. Qxh4 Qxh4 20. Bxh4 Rxe2 21. b3 Kf8 22. a3 Rce8 23. Bg3 Ke7 24. h4 Kd7 25. Bf4 R8e4 26. g3 Rb2 27. Rd3 Rd4 28. Rxd4 cxd4 29. b4 Bxd5 30. Kf1 d3 31. Be3 Bf3 0-1